000 00240nam a2200085Ia 4500
008 180219s9999 xx 000 0 und d
245 _aConference program :
_binternational conference teacher education /
260 _c2006
300 _a139 pages
999 _c355919
_d355919